Länder, die China nicht anerkennen - Statistiken

Allgemein
  • Dieses Quiz wurde 9 mal gespielt
  • Das Durchschnittsergebnis liegt bei 6 aus 11
Antwortstatistiken
Länder % Korrekt
Palau
88%
Haiti
63%
St. Kitts und Nevis
63%
St. Lucia
63%
St. Vincent und die Grenadinen
63%
Tuvalu
63%
Eswatini
50%
Guatemala
50%
Belize
38%
Marshallinseln
38%
Paraguay
25%
Keine übereinstimmenden Quizze gefunden
Verteilung der Resultate
Anzahl Personen mit jedem Resultat
Perzentil nach korrekt beantworteten Fragen
Ihre Resultats-Entwicklung
Sie haben dieses Quiz noch nicht gespielt